| 000 | 00940nam a22003250a 4500 | ||
|---|---|---|---|
| 001 | PT7735 | ||
| 003 | AR-LpoUNG | ||
| 005 | 20210131232228.0 | ||
| 008 | 191001s1996||||ag |||||||||||||||||spa d | ||
| 040 |
_aAR-LpoUNG _bspa _cAR-LpoUNG _eaacr |
||
| 041 | _aspa | ||
| 044 | _aag | ||
| 082 | 0 | _aR914.209 82 278gui | |
| 100 | 1 |
_aCarlesi, Julio _eed. |
|
| 245 | 1 | 0 |
_aGui - Pla : _b1996 |
| 250 | _a42§ ed. | ||
| 260 |
_aBuenos Aires : _bJulio Caresi, _c1996. |
||
| 300 |
_a[200] p. : _btbls. |
||
| 520 | _aLibro de esquemas gráficos para la ubicación práctica de calles, lugares y parajes. El presente texto no es una publicación cartográfica. | ||
| 650 | 4 | _aASENTAMIENTOS HUMANOS | |
| 650 | 4 | _aCIUDADES | |
| 650 | 4 | _aTRANSPORTE | |
| 650 | 4 | _aTRANSPORTE URBANO | |
| 650 | 4 | _aTURISMO | |
| 650 | 4 | _aVIAJES | |
| 650 | 4 | _aZONAS URBANAS | |
| 651 | 4 | _aDOCUMENTOS TEORICOS O METODOLOGICOS | |
| 905 | _a7735 | ||
| 942 | _cLSALA | ||
| 999 |
_c14406 _d14406 |
||